| 000 | 00388nam a2200169Ia 4500 | ||
|---|---|---|---|
| 008 | 141014s9999||||xx |||||||||||||| ||und|| | ||
| 010 | _a4168 | ||
| 020 | _aS/ISBN | ||
| 082 | _a355 V.945 T.2 | ||
| 100 | _aVon, Clausewitz, Karl | ||
| 245 | _aDe la guerra | ||
| 250 | _a 2da Ed | ||
| 260 |
_aDiogenes S.A Mexico _c1977 |
||
| 300 |
_a180 p _c16 cm |
||
| 650 | _adefensa | ||
| 942 | _cBK | ||
| 999 |
_c4318 _d4318 |
||